Automatizált sztenderd és grafikus jelentéskészítések meglévő adattárházból

Bibliográfiai részletek
Szerző: Fekete Gergő Jonatán
További közreműködők: Kovács Dr. Endre
Dokumentumtípus: Diplomadolgozat
Kulcsszavak:Adattárház
Adatvizualizáció
riportolás
Online Access:http://dolgozattar.uni-bge.hu/13899

MARC

LEADER 00000nta a2200000 i 4500
001 dolg13899
005 20171214102513.0
008 171214suuuu hu om 000 hun d
040 |a BGE Dolgozattár Repozitórium  |b hun 
041 |a hu 
100 1 |a Fekete Gergő Jonatán 
245 1 0 |a Automatizált sztenderd és grafikus jelentéskészítések meglévő adattárházból  |c Fekete Gergő Jonatán  |h [elektronikus dokumentum] 
695 |a Adattárház 
695 |a Adatvizualizáció 
695 |a riportolás 
700 1 |a Kovács Dr. Endre  |e ths 
856 4 0 |u http://dolgozattar.uni-bge.hu/13899/1/Szakdolgozat_Fekete_Jonat%C3%A1n_UQNII1_2017.pdf  |z Dokumentum-elérés